| 000 | 00584nas a2200217 4500 | ||
|---|---|---|---|
| 001 | BR9509247 | ||
| 003 | BR-BrBNA | ||
| 005 | 20231205094542.0 | ||
| 007 | ta | ||
| 008 | 230509b bl.|||p| |||| 00| 00por d | ||
| 040 |
_aBR-BrBNA _bpor _cBiblioteca Nacional de Agricultura |
||
| 041 | _a(Pt) | ||
| 072 | _aF70; F01 | ||
| 100 | 1 | _aWinters, G. | |
| 245 | 1 | _aRododendro ou azaleia? | |
| 650 | _aAzalea | ||
| 650 | _aPlanta Ornamental | ||
| 773 | 0 |
_tNatureza (Brazil) _x _g(Jul 1993), v. 6(66) p. 10-16 _wBR9509247 |
|
| 909 |
_a202311 _bLúcia _c55 _dLúcia Elande |
||
| 942 |
_2AGRIS _n0 _cANA |
||
| 999 |
_c145184 _d145184 |
||